000 00413nam a2200181Ia 4500
001 12921
005 20260306163016.0
008 260306t2010||||xx |||||||||||||| ||spa||
041 _aESP
082 _aRD 463
_bL26 2010
100 _aLarousse S. A.
_eAUT
245 0 _aLarousse diccionario enciclopédico
260 _c2010
300 _a
_c
650 _aGEN
654 _aCHU
942 _cDIC
_dJUS
_fJUS
_2ddc
_n
999 _c12921
_d12921